000
00403nam a2200133Ia 4500
008
151001s9999||||xx |||||||||||||| ||und||
100
_a
अभय विजय वर्तक
245
_a
रासलीला
250
_a
2
260
_b
सनातन भारतीय संस्कृती संस्था मुंबई
260
_c
2011
300
_a
76
365
_b
21
999
_c
997521
_d
997518